[Event "HUN-chT2 9495"]
[Site "HUN"]
[Date "1995.??.??"]
[Round "?"]
[White "Jeszenkovics, Tibor"]
[Black "Szilardfy, Gyula"]
[Result "1-0"]
[WhiteElo "2235"]
[BlackElo "2200"]

1.d4 Nf6 2.Nf3 g6 3.c4 Bg7 4.Nc3 O-O 5.e4 d6 6.Be2 Nbd7 7.O-O e5 8.dxe5 dxe5
9.b3 Re8 10.Qc2 c6 11.Rd1 Qe7 12.a4 a5 13.Ba3 Nc5 14.Ne1 Bf8 15.Nd3 Nfd7
16.Bg4 Qh4 17.Bxd7 Nxd7 18.Bxf8 Nxf8 19.f3 h5 20.Qf2 Qf6 21.Nc5 b6 22.Nd3 Rb8
23.Rd2 Ne6 24.Rad1 Ba6 25.Nc1 Nc5 26.Rd6 Re6 27.R6d2 h4 28.Qe3 Kg7 29.N3a2 Rh8
30.h3 Qe7 31.Kh1 Bc8 32.Kh2 Rf6 33.Nc3 Qc7 34.N3e2 Re6 35.Qg5 Rf6 36.Qe3 Re6
37.Qg5 Bd7 38.Qe3 Rf6 39.Ng1 Bc8 40.Nge2 Bd7  1-0

[Event "HUN-chT1"]
[Site "HUN"]
[Date "1995.??.??"]
[Round "?"]
[White "Farago, Ivan"]
[Black "Vigh, Bela"]
[Result "1/2-1/2"]
[WhiteElo "2515"]
[BlackElo "2370"]

1.d4 Nf6 2.c4 g6 3.Nc3 Bg7 4.e4 d6 5.Be2 O-O 6.Nf3 Nbd7 7.O-O e5 8.Be3 c6
9.d5 c5 10.Ne1 a6 11.Rb1 Ne8 12.Nd3 f5 13.exf5 gxf5 14.f4  1/2-1/2

[Event "HUN-chT1"]
[Site "HUN"]
[Date "1995.??.??"]
[Round "?"]
[White "Marosi, Gyorgy"]
[Black "Kahn, Evarth"]
[Result "1/2-1/2"]
[WhiteElo "2280"]
[BlackElo "2400"]

1.Nf3 Nf6 2.c4 g6 3.Nc3 Bg7 4.e4 d6 5.d4 O-O 6.Be2 e5 7.dxe5 dxe5 8.Qxd8 Rxd8
9.Bg5 c6 10.Nxe5 Re8 11.f4 h6 12.Bh4 g5 13.fxg5 hxg5 14.Bg3 Nxe4 15.Nxe4 Bxe5
16.Bxe5 Rxe5 17.Ng3 Bg4 18.Kf2 Bxe2 19.Nxe2 Na6 20.Rad1 Rae8 21.Rhe1 Nb4
22.Nc1 Rf5+ 23.Kg1 Rxe1+ 24.Rxe1 Rf4 25.b3 Rd4 26.Re8+ Kg7 27.Ne2 Rd2 28.Ng3 Rxa2
29.Nh5+ Kg6 30.g4 Nd3 31.Rg8+ Kh7 32.Nf6+ Kh6 33.h4 Ra5 34.h5 Re5 35.Ne8 Kh7
36.Nf6+ Kh6 37.Ne8  1/2-1/2

[Event "HUN-chT2 9495"]
[Site "HUN"]
[Date "1995.??.??"]
[Round "?"]
[White "Meszaros, Andras"]
[Black "Racz, Zoltan"]
[Result "1-0"]
[WhiteElo "2310"]
[BlackElo "2250"]

1.d4 Nf6 2.Nf3 g6 3.c4 Bg7 4.Nc3 O-O 5.e4 d6 6.Be2 e5 7.dxe5 dxe5 8.Qxd8 Rxd8
9.Bg5 Re8 10.Nd5 Nxd5 11.cxd5 c6 12.Bc4 cxd5 13.Bxd5 Nc6 14.Bxc6 bxc6 15.Rc1 Ba6
16.Nd2 f6 17.Be3 Bd3 18.f3 Rab8 19.b3 f5 20.Rc3 Red8 21.Bxa7 Rb7 22.Be3 Bf8
23.Bg5 Bb4 24.Rxc6 Ra8 25.a4 f4 26.Bf6 Re8 27.g3 Rd7 28.gxf4 Bxd2+ 29.Kf2 exf4
30.Rd1 Be3+ 31.Ke1 Kf7 32.Bg5 Re5 33.h4 Re6 34.Rc8 Re8 35.Rc3 h6 36.Bxh6 Bb5
37.axb5 Rxd1+ 38.Kxd1 Rd8+ 39.Kc2 Rd2+ 40.Kb1 Bd4 41.Rc7+ Ke6 42.Rc6+ Kd7
43.Bxf4 Rb2+ 44.Kc1  1-0

[Event "Papp Bela mem"]
[Site "HUN"]
[Date "1995.??.??"]
[Round "?"]
[White "Ladanyi, Tibor"]
[Black "Boros, Daniel"]
[Result "0-1"]
[WhiteElo "2145"]
[BlackElo "2325"]

1.d4 Nf6 2.c4 g6 3.Nc3 Bg7 4.e4 d6 5.Be2 O-O 6.Nf3 e5 7.d5 a5 8.Bg5 h6 9.Bh4 Qe8
10.Nd2 Nh7 11.b3 Na6 12.a3 h5 13.f3 Bd7 14.Rb1 Bh6 15.Bf2 Qe7 16.b4 axb4
17.axb4 b6 18.Nf1 f5 19.Ne3 Nf6 20.Bd3 f4 21.Nc2 g5 22.Ra1 Rfb8 23.Ra2 c5
24.dxc6 Be6 25.Qa1 Nc7 26.b5 Qf7 27.Na3 g4 28.Bh4 Nh7 29.Nd5 Bxd5 30.cxd5 Qg6
31.Bc4 Ra5 32.Qb2 Rba8 33.Bf2 Rb8 34.Nc2 Rxa2 35.Qxa2 g3 36.hxg3 fxg3 37.Be3 Bxe3
38.Nxe3 Ra8 39.Qb2 Qg5 40.Qe2 Nf8 41.Nf5 Ng6 42.Nxd6 Nf4 43.Qd1 Ra4 44.Bf1 Rd4
45.Qxd4 exd4 46.Nb7 d3 47.Nc5 bxc5 48.b6 Nb5 49.b7 Nc3 50.Kd2 Nfxd5+ 51.Kxd3 Qe3+
52.Kc2 Nb4+ 53.Kb3 Na6  0-1

[Event "HUN-chT1"]
[Site "HUN"]
[Date "1995.??.??"]
[Round "?"]
[White "Peredy, Ferenc"]
[Black "Glatt, Gabor"]
[Result "0-1"]
[WhiteElo "2230"]
[BlackElo "2330"]

1.d4 Nf6 2.c4 g6 3.Nc3 Bg7 4.e4 d6 5.Nf3 O-O 6.Be2 e5 7.Bg5 h6 8.Bh4 exd4
9.Nxd4 Nc6 10.Nxc6 bxc6 11.O-O g5 12.Bg3 Nd7 13.Qd2 Nc5 14.Bd3 f5 15.f3 fxe4
16.fxe4 Be6 17.Rxf8+ Qxf8 18.Bf2 Nxd3 19.Qxd3 Qf7 20.b3 Rf8 21.Be3 Be5 22.h3 Qf6
23.Rc1 g4 24.Bd2 gxh3 25.gxh3 Qf2+ 26.Kh1 Qh2+  0-1

[Event "HUN-chT1"]
[Site "HUN"]
[Date "1995.??.??"]
[Round "?"]
[White "Kallai, Gabor"]
[Black "Szuk, Balazs"]
[Result "1-0"]
[WhiteElo "2500"]
[BlackElo "2335"]

1.d4 Nf6 2.c4 g6 3.Nc3 Bg7 4.e4 d6 5.Be2 O-O 6.Nf3 e5 7.d5 a5 8.Bg5 h6 9.Bh4 Na6
10.Nd2 Qe8 11.O-O Nh7 12.a3 Bd7 13.Kh1 a4 14.Nb5 h5 15.f3 Bh6 16.Be1 Bxb5
17.cxb5 Nc5 18.b4 Bxd2 19.Bxd2 Nb3 20.Bh6 Nxa1 21.Qxa1 Qd8 22.Bxf8 Nxf8 23.Qc3 Nd7
24.Rc1 Rc8 25.Qe3 Nb6 26.g3 Qe7 27.Bf1 Re8 28.Bh3 Qd8 29.Rc3 Kg7 30.Qc1 Re7
31.Bg2 Qd7 32.h4 Na8 33.Bf1 Qd8 34.Bh3 Nb6 35.Kh2 Kg8 36.g4 hxg4 37.Bxg4 Kg7
38.h5 Na8 39.Kg2 Qh8 40.Qg5 Re8 41.hxg6 fxg6 42.b6 cxb6 43.Bd7 Rf8 44.Qe7+ Rf7
45.Qxd6 Qh5 46.Be6 Qg5+ 47.Kf1 Rxf3+ 48.Rxf3 Qc1+ 49.Kg2 Qd2+ 50.Kh3 Qh6+
51.Kg3  1-0

[Event "HUN-chT2 9495"]
[Site "HUN"]
[Date "1995.??.??"]
[Round "?"]
[White "Istvandi, Lajos"]
[Black "Seres, Lajos"]
[Result "1-0"]
[WhiteElo "2335"]
[BlackElo "2430"]

1.d4 Nf6 2.c4 g6 3.Nc3 Bg7 4.e4 d6 5.Nf3 O-O 6.Be2 e5 7.O-O Na6 8.Re1 c6
9.Rb1 Qe7 10.c5 dxc5 11.dxe5 Ng4 12.Bxa6 bxa6 13.Qd6 Re8 14.Bg5 Qe6 15.Qxc5 Nxe5
16.Nxe5 Bxe5 17.Rbd1 Rb8 18.b3 Qg4 19.Be3 Qh4 20.g3 Qh3 21.f4 Bxc3 22.Qxc3 Bg4
23.Bc1 Bxd1 24.Bb2 f6 25.Qxf6 Qh6 26.Rxd1 Rb7 27.Rd6 c5 28.Be5 Qg7 29.Qxg7+ Rxg7
30.Bxg7 Kxg7 31.e5 Re7 32.Rc6  1-0

[Event "HUN-chT1"]
[Site "HUN"]
[Date "1995.??.??"]
[Round "?"]
[White "Geller, Arpad"]
[Black "Balogh, Bela"]
[Result "1/2-1/2"]
[WhiteElo "2290"]
[BlackElo "2225"]

1.d4 Nf6 2.c4 g6 3.Nc3 Bg7 4.e4 d6 5.Be2 O-O 6.Nf3 e5 7.d5 Nbd7 8.Bg5 h6
9.Bh4 g5 10.Bg3 Nh5 11.h4 Nxg3 12.fxg3 g4 13.Nh2 h5 14.O-O Nf6 15.Rf2 Bh6
16.Nf1 c6 17.Bd3 cxd5 18.cxd5 Bd7 19.Qe2 Qb6 20.Re1 Rfc8 21.Ne3 Qxe3 22.Qxe3 Bxe3
23.Rxe3 Ne8 24.Re1 f6 25.Rc1 Rc7 26.Rfc2 Rac8 27.Kf1 Kf7 28.Ke2 Ke7 29.Ke3 Ng7
30.Rf2 Rf8 31.Rcf1 a6 32.a3 Rc5 33.Kd2 Rc7 34.Ke3 Rf7 35.Kd2 Rc8 36.Nd1 Rc7
37.Ne3 Rf8 38.Nd1 Ne8 39.Ne3 Ng7 40.Nd1 Ba4 41.Ne3  1/2-1/2

[Event "Papp Bela mem"]
[Site "HUN"]
[Date "1995.??.??"]
[Round "?"]
[White "Csiszar, Csaba"]
[Black "Francsics, Endre"]
[Result "1-0"]
[WhiteElo "2390"]
[BlackElo "2210"]

1.d4 Nf6 2.c4 g6 3.Nc3 d6 4.e4 Bg7 5.Nf3 O-O 6.Be2 e5 7.Be3 Nc6 8.d5 Ne7
9.Nd2 Nd7 10.b4 f5 11.f3 b6 12.a4 a5 13.bxa5 Rxa5 14.Nb3 Ra8 15.a5 Nc5 16.O-O fxe4
17.fxe4 Rxf1+ 18.Kxf1 Qf8+ 19.Kg1 Bh6 20.Bf2 Bd7 21.Nxc5 bxc5 22.Nb5 Qb8
23.Qd3 Kg7 24.Bh4 Ng8 25.Rf1 Rxa5 26.Qf3 Bf4 27.g3 Bh3 28.gxf4 Bxf1 29.Bxf1 exf4
30.Qc3+ Kh6 31.Qxa5 g5 32.Bf2 Nf6 33.Qc3  1-0

[Event "HUN-chT2 9495"]
[Site "HUN"]
[Date "1995.??.??"]
[Round "?"]
[White "Orso, Miklos"]
[Black "Kocsis, Gyorgy"]
[Result "1-0"]
[WhiteElo "2380"]
[BlackElo "2290"]

1.d4 Nf6 2.Nf3 g6 3.c4 Bg7 4.Nc3 O-O 5.e4 d6 6.Be2 e5 7.Be3 Nc6 8.d5 Ne7
9.Nd2 Ne8 10.Qc2 f5 11.f3 c5 12.g4 f4 13.Bf2 h6 14.a3 a5 15.O-O Nc7 16.b4 Na6
17.bxc5 Nxc5 18.Rab1 h5 19.h3 hxg4 20.hxg4 Bd7 21.Kg2 b6 22.Rb2 Bf6 23.Qb1 Nc8
24.Rh1 Ra7 25.Nb3 Rf7 26.Nxc5 dxc5 27.Rh6 Rh7 28.Rxh7 Kxh7 29.Bd3 Kg8 30.Qc2 Be8
31.Rb1 Rh7 32.Rh1 Rxh1 33.Kxh1 Bh4 34.Bg1 Be1 35.Kg2 Bxc3 36.Qxc3 Qe7 37.Bf2 Kg7
38.Qb2 g5 39.Be1 Kf6 40.Bc3 Qd6 41.Kf1 Qe7 42.Qh2 Kg7 43.Ke1 Qd6 44.Bc2 Qe7
45.Bd1 Qd6 46.Kd2 Qe7 47.Kd3 Qd6 48.Bb3 Qe7 49.Qc2 Kf6 50.Ba4 Nd6 51.Bxe8 Qxe8
52.Qb3 b5 53.Qb1 Nxc4 54.a4 Na3 55.Qh1 Kg7 56.Qh5 Qe7 57.Ke2 Nb1 58.Bb2 b4
59.d6 Qxd6 60.Qxg5+ Kf7 61.Qf5+ Kg8 62.Bxe5 Qd2+ 63.Kf1 Qd1+ 64.Kg2 Qe2+
65.Kh3 Qxf3+ 66.Kh4  1-0

[Event "HUN-chT2 9495"]
[Site "HUN"]
[Date "1995.??.??"]
[Round "?"]
[White "Kiss, Pal"]
[Black "Videki, Sandor"]
[Result "1/2-1/2"]
[WhiteElo "2455"]
[BlackElo "2455"]

1.d4 Nf6 2.c4 g6 3.Nc3 Bg7 4.e4 d6 5.Nf3 O-O 6.Be2 e5 7.O-O exd4 8.Nxd4 Re8
9.f3 Nh5 10.g4 Nf6 11.Bg5 h6 12.Bh4 Nc6 13.Bf2 h5 14.h3 Nh7 15.f4 hxg4 16.hxg4 g5
17.f5 Bd7 18.Re1 Be5 19.Kg2 Nxd4 20.Bxd4 Bc6 21.Bxe5 Rxe5 22.Bf3 a5 23.Qd2 Qe7
24.Rh1 f6  1/2-1/2

[Event "HUN-chT1"]
[Site "HUN"]
[Date "1995.??.??"]
[Round "?"]
[White "Gyimesi, Zoltan"]
[Black "Czebe, Attila"]
[Result "1/2-1/2"]
[WhiteElo "2500"]
[BlackElo "2430"]

1.d4 Nf6 2.c4 g6 3.Nc3 Bg7 4.e4 d6 5.Nf3 O-O 6.Be2 e5 7.O-O exd4 8.Nxd4 Re8
9.f3 Nh5 10.g4 Nf6 11.Bf4 h5 12.h3 Nbd7 13.Qd2 Ne5 14.Rad1 c6 15.Nc2 Be6
16.Ne3 Nfd7 17.Kg2 Nb6  1/2-1/2

[Event "HUN-chT1"]
[Site "HUN"]
[Date "1995.??.??"]
[Round "?"]
[White "Csizmadia, Laszlo"]
[Black "Murin, Janos"]
[Result "1/2-1/2"]
[WhiteElo "2185"]
[BlackElo "2260"]

1.d4 Nf6 2.c4 g6 3.Nc3 Bg7 4.e4 d6 5.Be2 O-O 6.Nf3 e5 7.d5 Nbd7 8.Bg5 h6
9.Bh4 a5 10.O-O Nc5 11.Nd2 c6 12.b3 Re8 13.f3 Qc7 14.a3 Nh5  1/2-1/2

[Event "HUN-chT2 9596"]
[Site "HUN"]
[Date "1995.??.??"]
[Round "4"]
[White "Foldi, Istvan"]
[Black "Horvath, Csaba"]
[Result "0-1"]
[WhiteElo "2355"]
[BlackElo "2500"]

1.e4 g6 2.d4 Bg7 3.c4 d6 4.Nc3 Nf6 5.Nf3 O-O 6.Be2 Na6 7.O-O e5 8.Re1 c6
9.Bf1 Bg4 10.d5 Nb4 11.Qb3 a5 12.a3 Na6 13.Nd2 Bd7 14.Qc2 Qc7 15.Qb1 cxd5
16.cxd5 a4 17.Nd1 Nc5 18.b4 axb3 19.Nxb3 Nfxe4 20.Rxe4 Nxe4 21.Qxe4 Ba4 22.Qb1 Rfc8
23.Be3 b5 24.Ra2 Qb7 25.Rd2 f5 26.f3 b4 27.Nc1 Bxd1 28.Rxd1 Rxa3 29.Bf2 e4
30.Nb3 e3 31.Be1 Qa7 32.Kh1 Qa4 33.Rd3 Bc3 34.Bxc3 bxc3 35.Nc1 Ra1 36.Qb7 Rxc1
37.Qxc8+ Kg7  0-1

[Event "HUN-chT1 9596"]
[Site "HUN"]
[Date "1995.??.??"]
[Round "5"]
[White "Berta, Krisztian"]
[Black "Sziva, Erika"]
[Result "0-1"]
[WhiteElo "2245"]
[BlackElo "2260"]

1.d4 Nf6 2.c4 g6 3.Nf3 Bg7 4.Nc3 O-O 5.e4 d6 6.Be2 e5 7.d5 a5 8.Bg5 Na6 9.Nd2 Qe8
10.a3 Bd7 11.b3 h5 12.h4 b6 13.Rb1 Nc5 14.f3 Nh7 15.Be3 Qe7 16.Qc2 f5 17.Kd1 Bf6
18.Bf2 Qg7 19.Kc1 Be7 20.Kb2 Nf6 21.Be3 Rf7 22.Rbg1 Qf8 23.Bg5 Nh7 24.Bxe7 Qxe7
25.g4 hxg4 26.fxg4 f4 27.g5 Rg7 28.Bf3 Rb8 29.a4 Na6 30.Nf1 Nb4 31.Qe2 c6
32.Nh2 Be8 33.Ng4 b5 34.axb5 cxb5 35.cxb5 Qd8 36.Nh6+ Kf8 37.Rg2 Qb6 38.h5 gxh5
39.Rhg1 Bg6 40.Bxh5 Rc8 41.Rd1 Qc7 42.Na4 Bxh5 43.Qxh5 Rxg5 44.Qe2 Rxg2 45.Qxg2 Qc2+
46.Qxc2 Rxc2+ 47.Kb1 Nf6 48.b6 Rc8 49.Rg1 Nd3 50.b7 Rb8 51.Rg6 Ne8 52.Rg8+ Ke7
53.Nf5+ Kd7 54.Ng7 f3 55.Nb6+ Kc7 56.Nc4 f2 57.Ne3 Nf6 58.Ne6+ Kxb7 59.Rg7+ Ka6
60.Kc2 Ne1+ 61.Kd2 Nxe4+ 62.Ke2 Rxb3 63.Nc7+ Kb6 64.Nc4+ Kc5 65.Nxa5 Rb2+
66.Kf1 Nd3 67.Ne6+ Kb5 68.Rb7+ Kxa5 69.Rxb2  0-1

[Event "Ikaros op"]
[Site "Ikarios"]
[Date "1995.??.??"]
[Round "7"]
[White "Haritakis, Theodoros"]
[Black "Mastrokoukos, Georgios"]
[Result "1-0"]
[WhiteElo "2280"]
[BlackElo "2425"]

1.d4 Nf6 2.c4 d6 3.Nc3 Nbd7 4.e4 e5 5.Nf3 g6 6.Be2 Bg7 7.O-O O-O 8.Re1 c6
9.Bf1 exd4 10.Nxd4 Re8 11.Rb1 a5 12.Bg5 h6 13.Bf4 Nc5 14.f3 Nh5 15.Be3 f5
16.exf5 gxf5 17.Qd2 f4 18.Bf2 Be5 19.Rbd1 Qf6 20.Nb3 Nxb3 21.axb3 Bf5 22.Bd3 Kh8
23.Bxf5 Qxf5 24.Bd4 Re6 25.Ne4 Kh7 26.Bxe5 dxe5 27.Qd7+ Ng7 28.Qxb7 Rf8 29.Rd7 Rg6
30.Red1 Kh8 31.R1d6 Rxd6 32.Rxd6 Qh5 33.Qe7 Rg8 34.Qf6 Kh7 35.Rxc6 Nf5 36.Rc7+ Rg7
37.Qxg7+  1-0

[Event "Ilioupolis"]
[Site "Ilioupolis"]
[Date "1995.??.??"]
[Round "1"]
[White "Grivas, Efstratios"]
[Black "Cela, Altin"]
[Result "1-0"]
[WhiteElo "2460"]
[BlackElo "2405"]

1.d4 Nf6 2.c4 g6 3.Nc3 Bg7 4.e4 O-O 5.Nf3 d6 6.Be2 e5 7.d5 a5 8.h3 Na6 9.Bg5 h6
10.Be3 Nc5 11.Nd2 c6 12.g4 Bd7 13.h4 Rc8 14.h5 cxd5 15.exd5 g5 16.Bxc5 Rxc5
17.Nde4 Nxe4 18.Nxe4 f5 19.gxf5 Bxf5 20.Nxc5 dxc5 21.Bg4 e4 22.Bxf5 Rxf5
23.Qg4 Qf6 24.Rd1 Rf4 25.Qe6+ Qxe6 26.dxe6 Bd4 27.Rd2 Kf8 28.Rh3 a4 29.Ra3 Ke7
30.Rxa4 Kxe6 31.Ra7 Rh4 32.Kf1 Rxh5 33.Rxb7 g4 34.a4 Rf5 35.Kg2 h5 36.Rh7 Kf6
37.a5 Kg6 38.Re7 e3 39.fxe3 Bf6 40.Re4  1-0

[Event "Ilioupolis"]
[Site "Ilioupolis"]
[Date "1995.??.??"]
[Round "2"]
[White "Kalesis, Nikolaos"]
[Black "Moutousis, Konstantinos"]
[Result "1/2-1/2"]
[WhiteElo "2410"]
[BlackElo "2465"]

1.d4 Nf6 2.c4 g6 3.Nc3 Bg7 4.e4 d6 5.Nf3 O-O 6.Be2 Qe8 7.O-O e5 8.dxe5 dxe5
9.Be3 Na6 10.h3 Nh5 11.Re1 c6 12.c5 h6 13.Nd2 Nf4 14.Bxa6 bxa6 15.Bxf4 exf4
16.e5 Qd8 17.Nc4 Be6 18.Qxd8 Rfxd8 19.Na5 Rac8 20.a3 Rd2 21.Ne4 Rxb2 22.Nd6 Rc7
23.Ne8 Rc8 24.Nd6 Rc7 25.Ne8 Rd7 26.Rab1 Rc2 27.Nxc6 Rxc5 28.Rec1 Rxc1+ 29.Rxc1 g5
30.Nf6+ Bxf6 31.exf6 Kh7 32.Ne7 h5 33.f3 Kh6 34.Rb1 g4 35.hxg4 hxg4 36.fxg4 Kg5
37.Ng8 Rd8 38.Ne7 Kxf6 39.Nc6 Rd3 40.a4 Rd2 41.Rf1 Bd5 42.Rxf4+ Kg5 43.Rf5+ Kxg4
44.Ne7 Be6 45.Rf2 Rd1+ 46.Kh2 f5 47.Re2 Bd7 48.a5 Bb5 49.Re5 Bd3 50.Rd5 Re1
51.Rxd3 Rxe7 52.Rd6 Kf4 53.Rxa6 Rh7+ 54.Kg1 Ke5 55.Kf2 Rf7 56.Kf3 Rc7 57.g3 Rc3+
58.Kf2 Ke4 59.Re6+ Kd5 60.Rf6 Ke5 61.Ra6  1/2-1/2

[Event "Ilioupolis"]
[Site "Ilioupolis"]
[Date "1995.??.??"]
[Round "10"]
[White "Karayannis, Athanasios"]
[Black "Kofidis, Andreas"]
[Result "1/2-1/2"]
[WhiteElo "2320"]
[BlackElo "2405"]

1.d4 Nf6 2.c4 g6 3.Nc3 Bg7 4.e4 d6 5.Nf3 O-O 6.Be2 e5 7.dxe5 dxe5 8.Qxd8 Rxd8
9.Bg5 Re8 10.Nd5 Nxd5 11.cxd5 c6 12.dxc6 Nxc6  1/2-1/2

[Event "Katowice op"]
[Site "Katowice"]
[Date "1995.??.??"]
[Round "5"]
[White "Kempinski, Robert"]
[Black "Kaminski, Marcin"]
[Result "1/2-1/2"]
[WhiteElo "2435"]
[BlackElo "2455"]

1.d4 Nf6 2.c4 g6 3.Nc3 Bg7 4.e4 d6 5.Nf3 O-O 6.Be2 e5 7.d5 Nbd7 8.Be3 Ng4
9.Bg5 f6 10.Bh4 h5 11.Nd2 Nh6 12.f3 c5 13.g4 g5 14.Bf2 h4 15.a3 Nf7 16.b4 a6
17.Nb3 b6 18.Qd2 Qc7 19.O-O Re8 20.Rfd1 Bf8 21.bxc5 dxc5 22.a4 a5 23.Nb5 Qb8  1/2-1/2

[Event "Kavala op"]
[Site "Kavala"]
[Date "1995.??.??"]
[Round "3"]
[White "Argiroudis, Stamatis"]
[Black "Tzermiadianos, Andreas"]
[Result "1/2-1/2"]
[WhiteElo "2190"]
[BlackElo "2400"]

1.d4 Nf6 2.Nf3 g6 3.c4 Bg7 4.Nc3 O-O 5.e4 d6 6.Be2 e5 7.d5 a5 8.Bg5 h6 9.Bh4 Nbd7
10.Nd2 Nc5 11.O-O Qd7 12.b3 Nh7 13.a3 f5 14.f3 Bf6 15.Bf2 Bg5 16.Rb1 h5 17.Qc2 Nf6
18.exf5 Qxf5 19.Nde4 Ncxe4 20.Nxe4 Nxe4 21.fxe4 Qd7 22.Qc3 Qe7 23.c5 Bg4
24.cxd6 cxd6 25.Bxg4 hxg4 26.Bb6 a4 27.b4 Bf4 28.g3 Bg5 29.Be3 Rac8 30.Qd2 Bxe3+
31.Qxe3 Kg7 32.Rbc1 Rxc1 33.Qxc1 Rxf1+ 34.Qxf1 Qg5 35.Qe1 Qd8  1/2-1/2

[Event "Kavala op"]
[Site "Kavala"]
[Date "1995.??.??"]
[Round "4"]
[White "Tzermiadianos, Andreas"]
[Black "Banikas, Vasilios"]
[Result "1/2-1/2"]
[WhiteElo "2400"]
[BlackElo "2175"]

1.d4 Nf6 2.c4 g6 3.Nc3 Bg7 4.e4 d6 5.Nf3 O-O 6.Be2 e5 7.d5 a5 8.Be3 h6 9.Nd2 Nh7
10.O-O f5 11.f3 f4 12.Bf2 Nd7 13.a3 Rf7 14.b4 Bf8 15.Nb3 a4 16.Nd2 g5 17.Nxa4 Ndf6
18.c5 Bd7 19.b5 h5 20.cxd6 cxd6 21.Nb6 Rg7 22.Nxd7 Nxd7 23.a4 Nhf6 24.Kh1 g4
25.Bg1 Qe8 26.a5 Qg6 27.a6 bxa6 28.bxa6 h4 29.fxg4 Nh5 30.Bf2 Ng3+ 31.Bxg3 hxg3
32.h3 Rh7 33.g5 Qxg5 34.Bg4 Nc5 35.Qe2 Rha7  1/2-1/2

[Event "Kavala op"]
[Site "Kavala"]
[Date "1995.??.??"]
[Round "4"]
[White "Halkias, Stelios"]
[Black "Banikas, Hristos"]
[Result "1-0"]
[WhiteElo "2235"]
[BlackElo "2375"]

1.d4 Nf6 2.c4 g6 3.Nc3 Bg7 4.e4 O-O 5.Be2 c6 6.Nf3 d6 7.O-O e5 8.Re1 Nbd7
9.Bf1 a5 10.b3 exd4 11.Nxd4 Ng4 12.f3 Qb6 13.Ne2 c5 14.fxg4 cxd4 15.Nf4 Ne5
16.h3 a4 17.Nd5 Qd8 18.Bf4 f5 19.exf5 gxf5 20.g5 Ng6 21.g3 axb3 22.axb3 Rxa1
23.Qxa1 Ne5 24.Bg2 Nd3 25.Re7 Rf7 26.Rxf7 Kxf7 27.Qd1 Ne5 28.Qh5+ Kg8 29.Nf6+ Bxf6
30.Bd5+ Kh8 31.gxf6 Ng6 32.Bg5 Qe8 33.f7 Qe5 34.Qxg6 Qxg3+ 35.Bg2 Qe1+ 36.Bf1 Qg3+
37.Kh1  1-0

[Event "Kemerovo1"]
[Site "Kemerovo"]
[Date "1995.??.??"]
[Round "1"]
[White "Iskusnyh, Sergei"]
[Black "Dolmatov, Sergey"]
[Result "1/2-1/2"]
[WhiteElo "2430"]
[BlackElo "2615"]

1.d4 Nf6 2.c4 g6 3.Nc3 Bg7 4.e4 d6 5.Be2 O-O 6.Nf3 e5 7.d5 a5 8.Bg5 h6 9.Bh4 Na6
10.O-O Qe8 11.Nd2 Nh7 12.a3 Bd7 13.Kh1 h5 14.f3 Bf6 15.Bf2 Bg5 16.b3 c5 17.dxc6 bxc6
18.Rb1 Qe7 19.b4 axb4 20.axb4 Rfb8 21.b5 Nc5 22.Nb3 Ne6 23.Re1 h4 24.Bf1 Nf6
25.bxc6 Bxc6 26.Nd5 Qd8 27.Qc2 Nd7 28.Red1 Qf8 29.Qc3 Ba4 30.Re1 Qh6 31.Ne3 Qf8  1/2-1/2

[Event "Kiekrz op"]
[Site "Kiekrz"]
[Date "1995.??.??"]
[Round "2"]
[White "Ahlander, Bjorn"]
[Black "Mordue, A Tyson"]
[Result "1-0"]
[WhiteElo "2400"]
[BlackElo "2230"]

1.d4 Nf6 2.c4 g6 3.Nc3 Bg7 4.e4 d6 5.Be2 O-O 6.Nf3 e5 7.O-O exd4 8.Nxd4 Re8
9.f3 c6 10.Kh1 Nbd7 11.Bg5 h6 12.Bf4 Nh5 13.Be3 Nb6 14.Qd2 Qh4 15.Kg1 d5
16.cxd5 Nxd5 17.Bf2 Qf4 18.Qxf4 Ndxf4 19.Rfd1 Nxe2+ 20.Ndxe2 Be6 21.Rd2 Rad8
22.Rad1 Rxd2 23.Rxd2 Be5 24.Be3 g5 25.Nd4 Rd8 26.g3 a6 27.Kg2 Nf6 28.b3 Bxd4
29.Rxd4 Rxd4 30.Bxd4 Nd7 31.b4 f6 32.a4 Kf7 33.a5 Bb3 34.f4 gxf4 35.gxf4 f5
36.exf5 Bc2 37.f6 Nf8 38.Kf3 Ne6 39.Ke3 Nc7 40.Be5 Nd5+ 41.Kd2 Nxc3 42.Kxc2 Nd5
43.Kb3 h5 44.Kc4 Ke6 45.f5+ Kf7 46.Kc5 Kf8 47.Kd6 Kf7 48.Bd4 Nxb4 49.Kc7 Nd3
50.Kxb7 c5 51.Be3 c4 52.Kxa6 Nb4+ 53.Kb5 Nd5 54.Kxc4 Nxe3+ 55.Kc5 Kxf6 56.a6 Kxf5
57.a7 Nf1 58.h3 Kf4 59.a8=Q Kg3 60.Qa3+ Kh4 61.Qf3 Ng3 62.Qg2 Nf5 63.Qf2+ Ng3
64.Qg2 Nf5 65.Qe4+ Kg5 66.Kd5 Ng3 67.h4+  1-0

[Event "Kiekrz op"]
[Site "Kiekrz"]
[Date "1995.??.??"]
[Round "4"]
[White "Lacrosse, Marc"]
[Black "Mordue, A Tyson"]
[Result "1/2-1/2"]
[WhiteElo "2275"]
[BlackElo "2230"]

1.d4 Nf6 2.c4 g6 3.Nc3 Bg7 4.e4 d6 5.Nf3 O-O 6.Be2 e5 7.dxe5 dxe5 8.Qxd8 Rxd8
9.Bg5 Re8 10.Nd5 Nxd5 11.cxd5 c6 12.Bc4 b5 13.Bb3 Bb7 14.Rc1 Rc8 15.Be3 h6
16.O-O Nd7 17.dxc6 Bxc6 18.Rfd1 Nb6 19.Rc5 Bxe4 20.Rxb5 Nc4 21.Bxc4 Rxc4
22.Nxe5 Rc2 23.f3 Bf5 24.Rd2 a6 25.Ra5 Rac8 26.Rxc2 Rxc2 27.Bd4 Bc8 28.Bc3 Bb7
29.Rc5 g5 30.h3 Bf6 31.a4 Rc1+ 32.Kf2 Rc2+ 33.Kg1 Rc1+  1/2-1/2

[Event "Kiekrz op"]
[Site "Kiekrz"]
[Date "1995.??.??"]
[Round "4"]
[White "Nowak, Ignacy"]
[Black "Fillon, Damien"]
[Result "1/2-1/2"]
[WhiteElo "2400"]
[BlackElo "2115"]

1.Nf3 g6 2.c4 Bg7 3.e4 d6 4.d4 Nf6 5.Nc3 O-O 6.Be2 Na6 7.O-O e5 8.Be3 Ng4
9.Bg5 Qe8 10.dxe5 dxe5 11.h3 h6 12.Bd2 Nf6 13.Be3 c6 14.Qd6 Qd7 15.Qa3 Re8
16.c5 Qe7 17.b4 Nc7 18.Qb2 Nh5 19.Rfe1 Nf4 20.Bf1 Be6 21.Rad1 Red8 22.Kh2 g5  1/2-1/2

[Event "Kiekrz op"]
[Site "Kiekrz"]
[Date "1995.??.??"]
[Round "7"]
[White "Nowak, Ignacy"]
[Black "Piroska, Istvan"]
[Result "1-0"]
[WhiteElo "2400"]
[BlackElo "2205"]

1.Nf3 Nf6 2.c4 g6 3.Nc3 Bg7 4.e4 d6 5.d4 O-O 6.Be2 Nbd7 7.O-O e5 8.Re1 exd4
9.Nxd4 Nc5 10.f3 a5 11.Be3 Re8 12.Qd2 Be6 13.Bf1 Qe7 14.Rac1 Rad8 15.b3 c6
16.Bg5 Qf8 17.Kh1 h6 18.Be3 Kh7 19.Red1 d5 20.cxd5 cxd5 21.Nxe6 fxe6 22.exd5 exd5
23.Nb5 b6 24.Nd4 Nfd7 25.Bb5 Ne6 26.Nc6 Rc8 27.Nxa5 Ndc5 28.Bxe8 d4 29.Bf2 Qxe8
30.Nc4 Qd8 31.Re1 Rc6 32.Rcd1 b5 33.Ne5 Ra6 34.Qc2 Qg5 35.h4 Qh5 36.g4 Qxe5
37.Rxe5 Bxe5 38.h5 d3 39.Rxd3 Nxd3 40.Qxd3 Nf4 41.Qxb5 Re6  1-0

[Event "Platonov mem"]
[Site "Kiev"]
[Date "1995.??.??"]
[Round "2"]
[White "Nikolaevsky, Yuri V"]
[Black "Golubev, Mihail"]
[Result "0-1"]
[WhiteElo "2405"]
[BlackElo "2525"]

1.c4 g6 2.Nc3 Bg7 3.d4 d6 4.e4 Nf6 5.Nf3 O-O 6.Be2 e5 7.O-O exd4 8.Nxd4 Re8
9.f3 Nc6 10.Be3 Nh5 11.f4 Nf6 12.Bf3 Bg4 13.Nxc6 Bxf3 14.Qxf3 bxc6 15.Bf2 Qc8
16.h3 Qe6 17.Rfe1 Qxc4 18.Rac1 Qa6 19.b3 Qa5 20.Na4 Qa6 21.g4 Nd7 22.e5 dxe5
23.Qxc6 Qxc6 24.Rxc6 exf4 25.Rxe8+ Rxe8 26.Rxc7 Ne5 27.Rxa7 Rd8 28.Nb6 Rd1+
29.Kg2 h5 30.Nc4 hxg4 31.hxg4 Nxg4 32.Bc5 Rd3 33.Ra8+ Kh7 34.Ra7 f3+  0-1

[Event "Platonov mem"]
[Site "Kiev"]
[Date "1995.??.??"]
[Round "5"]
[White "Ostojic, Nikola"]
[Black "Frolov, Artur"]
[Result "1/2-1/2"]
[WhiteElo "2455"]
[BlackElo "2520"]

1.d4 Nf6 2.c4 g6 3.Nc3 Bg7 4.e4 d6 5.Be2 O-O 6.Nf3 e5 7.d5 a5 8.h3 Na6 9.Bg5 h6
10.Be3 Nc5 11.Nd2 Nh7 12.g4 f5 13.gxf5 gxf5 14.Qc2 Ng5 15.Bxc5 dxc5 16.h4 Nxe4
17.Ndxe4 fxe4 18.Nxe4 Rf4 19.O-O-O Bf5 20.Bd3 Bxe4 21.Bxe4 Rxh4 22.Rhg1 Kh8
23.Rg6 Bf6 24.Kb1 Qe7 25.f3 Rg8 26.Rxg8+ Kxg8 27.Qa4 Bg5 28.Qxa5 b6 29.Qa8+ Qf8
30.Qc6 Qd6 31.Qe8+ Kg7 32.Rg1 Rf4 33.Qh5 Kf8 34.Qh3 Ke7 35.a3 Qd7 36.Qh5 Qe8
37.Qh3 Qd7 38.Qh5 Qe8  1/2-1/2

[Event "Platonov mem"]
[Site "Kiev"]
[Date "1995.??.??"]
[Round "10"]
[White "Ostojic, Nikola"]
[Black "Golubev, Mihail"]
[Result "1/2-1/2"]
[WhiteElo "2455"]
[BlackElo "2525"]

1.Nf3 d6 2.d4 Nf6 3.c4 g6 4.Nc3 Bg7 5.e4 O-O 6.Be2 e5 7.d5 a5 8.h3 Na6 9.Bg5 Qe8
10.g4 Nc5 11.Nd2 c6 12.Qc2 Bd7 13.Be3 b6 14.Rg1 Qe7 15.h4 cxd5 16.g5 Ne8
17.Nxd5 Qd8 18.h5 Rb8 19.Nb1 Nc7 20.Nxc7 Qxc7 21.Nc3 Bc6 22.O-O-O Ne6 23.Qd2 Nd4
24.Kb1 Qb7 25.f3 Rfc8 26.Rc1 Qd7 27.hxg6 hxg6 28.Rh1 a4 29.Rh4 Ba8 30.Rch1 b5
31.Rh7 bxc4 32.Bxd4 a3 33.Nd1 Qb7 34.Qf4 f5 35.gxf6 c3 36.Rxg7+ Qxg7 37.fxg7 c2+
38.Kc1 cxd1=Q+ 39.Kxd1 exf4 40.b3 d5 41.Ba6 Rd8 42.Rh8+ Kf7 43.exd5 Bxd5
44.Ke2 g5 45.Bd3 Re8+ 46.Kf2 Rbd8 47.Bh7 Be6 48.g8=Q+ Rxg8 49.Bxg8+ Rxg8
50.Rxg8 Kxg8 51.Bc5 Kf7 52.Bxa3 g4 53.Bd6 gxf3 54.Kxf3 Bd5+ 55.Kxf4 Ke6 56.Bf8 Kd7
57.Ke5 Kc6 58.Kd4 Bf7 59.Be7 Bg8 60.Kc3  1/2-1/2

[Event "Platonov mem"]
[Site "Kiev"]
[Date "1995.??.??"]
[Round "11"]
[White "Komarov, Dimitri"]
[Black "Ostojic, Nikola"]
[Result "1/2-1/2"]
[WhiteElo "2575"]
[BlackElo "2455"]

1.d4 Nf6 2.Nf3 g6 3.c4 Bg7 4.Nc3 O-O 5.e4 d6 6.Be2 e5 7.O-O c6 8.Re1 Nbd7
9.Rb1 a5 10.b3 Qe7 11.Ba3 exd4 12.Qxd4 Ng4 13.Qd2 Nc5 14.Bf1 Bh6 15.Qc2 b6
16.Rbd1 Rd8 17.Bb2 Bg7 18.h3 Ne5 19.Nd4 Bb7 20.a3 Ne6 21.Na4 Qc7 22.Nxe6 fxe6
23.f4 Nf7 24.Bxg7 Kxg7 25.Qf2 c5 26.Nc3 Bc6 27.Re3 Ra7 28.Rde1 Rf8 29.Qb2  1/2-1/2